Największe państwa świata. - Statystyki

Ogólne statystyki
  • Ten quiz został rozwiązany 83 razy
  • Średni wynik to 9 z 10
Statystyki odpowiedzi
% Poprawnych
1 Rosja
100%
4 Usa
99%
3 Chiny
97%
5 Brazylia
95%
2 Kanada
94%
6 Australia
88%
7 Indie
88%
8 Argentyna
87%
9 Kazachstan
69%
10 Algieria
48%
Nie znaleziono quizów pasujących do podanych kryteriów
Rozkład punktacji
Procent ludzi z każdym wynikiem
Percentyl według liczby udzielonych odpowiedzi
Twoja historia wyników
Nie rozwiązałeś tego quizu